000 00334nam a2200133Ia 4500
008 240624s9999 xx 000 0 und d
041 _aeng
082 _a300.72 AUR
100 _aAURINI JANICE D
245 _aHOW TO OF QUALITATIVE RESEARCH
260 _c2016
_aNew Delhi
_bSage
300 _axiii, 238 p.; 23 cm.
365 _cBPS
_b32
999 _c30020
_d30020